Lies About Nicaragua
Gorde:
| Egile nagusia: | |
|---|---|
| Formatua: | Texto |
| Argitaratua: |
s.e.:
Foreing Policy
|
| Etiketak: |
Etiketa erantsi
Etiketarik gabe, Izan zaitez lehena erregistro honi etiketa jartzen!
|
MARC
| LEADER | 00000 a a2200000 04500 | ||
|---|---|---|---|
| 001 | 25578 | ||
| 003 | |||
| 040 | |||
| 090 | |a 169000 | ||
| 100 | |a Smith, Wayne S | ||
| 245 | |a Lies About Nicaragua | ||
| 260 | |a s.e.: |b Foreing Policy | ||
| 300 | |a pp. 87-103 | ||
| 999 | |c 8868 |d 8868 | ||
